[Event "Chelyabinsk"]
[Site "?"]
[Date "2019.01.16"]
[Round "5.1"]
[White "Khanin, Semen"]
[Black "Gutenev, Alexander"]
[Result "1-0"]
[BlackElo "2456"]
[WhiteElo "2514"]
[LiveChessVersion "1.4.8"]

1. e4 {[%clk 1:30:34]} c5 {[%clk 1:17:03]} 2. Nf3 {[%clk 1:30:57]} Nc6
{[%clk 1:17:29]} 3. d4 {[%clk 1:31:09]} cxd4 {[%clk 1:17:55]} 4. Nxd4
{[%clk 1:31:36]} Nf6 {[%clk 1:18:17]} 5. Nc3 {[%clk 1:31:58]} d6 {[%clk 1:18:44]}
6. Bg5 {[%clk 1:32:20]} e6 {[%clk 1:19:08]} 7. Qd2 {[%clk 1:32:39]} Be7
{[%clk 1:19:16]} 8. O-O-O {[%clk 1:32:49]} O-O {[%clk 1:19:41]} 9. f4
{[%clk 1:33:11]} Nxd4 {[%clk 1:20:07]} 10. Qxd4 {[%clk 1:33:36]} Qa5
{[%clk 1:20:29]} 11. Be2 {[%clk 1:34:00]} Rd8 {[%clk 1:10:32]} 12. e5
{[%clk 1:34:19]} dxe5 {[%clk 1:07:49]} 13. Qxe5 {[%clk 1:34:45]} Qb6
{[%clk 1:04:23]} 14. f5 {[%clk 1:34:27]} Bd7 {[%clk 0:52:39]} 15. fxe6
{[%clk 1:34:41]} Bxe6 {[%clk 0:46:42]} 16. Be3 {[%clk 1:35:00]} Qc6
{[%clk 0:37:50]} 17. Bf3 {[%clk 1:35:16]} Qc4 {[%clk 0:34:04]} 18. Rxd8+
{[%clk 1:34:21]} Rxd8 {[%clk 0:32:00]} 19. Bxa7 {[%clk 1:34:44]} Ng4
{[%clk 0:21:56]} 20. Qe4 {[%clk 1:27:39]} Qxe4 {[%clk 0:10:34]} 21. Bxe4
{[%clk 1:27:53]} Bf6 {[%clk 0:06:04]} 22. Rd1 {[%clk 1:18:54]} Rc8
{[%clk 0:03:35]} 23. h3 {[%clk 1:11:55]} Ne5 {[%clk 0:02:22]} 24. Bxb7
{[%clk 1:10:10]} Rc7 {[%clk 0:01:43]} 25. Bb8 {[%clk 1:10:18]} Rxb7
{[%clk 0:01:04]} 26. Bxe5 {[%clk 1:10:40]} Bg5+ {[%clk 0:01:29]} 27. Kb1
{[%clk 1:11:06]} h5 {[%clk 0:01:47]} 28. a4 {[%clk 1:07:06]} Bd7 {[%clk 0:01:58]}
29. Ne4 {[%clk 1:02:49]} Be7 {[%clk 0:01:40]} 30. Bd6 {[%clk 1:02:55]} Bxd6
{[%clk 0:01:07]} 31. Rxd6 {[%clk 1:02:55]} Bxa4 {[%clk 0:01:19]} 32. Nc5
{[%clk 1:03:10]} Ra7 {[%clk 0:01:45]} 33. Nxa4 {[%clk 1:02:29]} Rxa4
{[%clk 0:02:11]} 34. c3 {[%clk 1:02:50]} Kf8 {[%clk 0:02:38]} 35. b4
{[%clk 1:03:13]} Ke7 {[%clk 0:03:05]} 36. Rd5 {[%clk 1:03:29]} g6
{[%clk 0:03:30]} 37. Ra5 {[%clk 0:58:17]} 1-0

[Event "Chelyabinsk"]
[Site "?"]
[Date "2019.01.16"]
[Round "5.2"]
[White "Drygalov, Andrey"]
[Black "Simantsev, Mikhail"]
[Result "1-0"]
[BlackElo "2401"]
[WhiteElo "2485"]
[LiveChessVersion "1.4.8"]

1. e4 {[%clk 1:30:59]} e5 {[%clk 1:28:58]} 2. Nf3 {[%clk 1:31:23]} Nc6
{[%clk 1:27:16]} 3. Bc4 {[%clk 1:31:47]} Bc5 {[%clk 1:27:13]} 4. O-O
{[%clk 1:32:11]} Nf6 {[%clk 1:26:43]} 5. d3 {[%clk 1:32:36]} d6 {[%clk 1:26:34]}
6. a4 {[%clk 1:32:56]} a6 {[%clk 1:26:30]} 7. c3 {[%clk 1:33:20]} Ba7
{[%clk 1:26:32]} 8. Nbd2 {[%clk 1:33:18]} O-O {[%clk 1:22:55]} 9. h3
{[%clk 1:33:38]} h6 {[%clk 1:21:12]} 10. Re1 {[%clk 1:33:51]} Re8
{[%clk 1:21:33]} 11. b4 {[%clk 1:34:16]} Be6 {[%clk 1:20:26]} 12. Bxe6
{[%clk 1:34:22]} Rxe6 {[%clk 1:20:51]} 13. Qc2 {[%clk 1:34:25]} Ne7
{[%clk 1:11:33]} 14. Nf1 {[%clk 1:34:48]} Ng6 {[%clk 1:11:26]} 15. Ng3
{[%clk 1:35:13]} d5 {[%clk 1:04:27]} 16. c4 {[%clk 1:35:09]} dxc4
{[%clk 0:51:57]} 17. dxc4 {[%clk 1:34:54]} Qf8 {[%clk 0:49:02]} 18. Bd2
{[%clk 1:30:15]} Rd8 {[%clk 0:48:03]} 19. a5 {[%clk 1:29:25]} Qd6
{[%clk 0:38:56]} 20. c5 {[%clk 1:16:29]} Qc6 {[%clk 0:32:08]} 21. Qc4
{[%clk 1:13:24]} Ree8 {[%clk 0:24:36]} 22. Bc3 {[%clk 1:12:13]} Qd7
{[%clk 0:24:49]} 23. Rac1 {[%clk 0:57:08]} c6 {[%clk 0:23:38]} 24. Nf5
{[%clk 0:50:31]} Bb8 {[%clk 0:23:50]} 25. g3 {[%clk 0:49:58]} Qd3
{[%clk 0:17:21]} 26. Qxd3 {[%clk 0:50:05]} Rxd3 {[%clk 0:17:49]} 27. Kg2
{[%clk 0:50:00]} Nh7 {[%clk 0:17:09]} 28. Nd2 {[%clk 0:44:46]} f6
{[%clk 0:06:13]} 29. Nc4 {[%clk 0:43:52]} Red8 {[%clk 0:05:14]} 30. Nfd6
{[%clk 0:42:59]} Bxd6 {[%clk 0:05:40]} 31. Nxd6 {[%clk 0:43:19]} Rd7
{[%clk 0:06:06]} 32. h4 {[%clk 0:38:05]} Nh8 {[%clk 0:06:16]} 33. Kf1
{[%clk 0:37:08]} Nf7 {[%clk 0:06:44]} 34. Ke2 {[%clk 0:37:13]} R3xd6
{[%clk 0:07:12]} 35. cxd6 {[%clk 0:37:37]} Nxd6 {[%clk 0:07:41]} 36. Red1
{[%clk 0:37:16]} Nf8 {[%clk 0:08:09]} 37. f3 {[%clk 0:35:03]} Kf7
{[%clk 0:08:37]} 38. Rd3 {[%clk 0:35:01]} Ke6 {[%clk 0:08:39]} 39. Rcd1
{[%clk 0:29:55]} Nb5 {[%clk 0:09:02]} 40. f4 {[%clk 0:20:07]} Rxd3
{[%clk 0:06:45]} 41. Kxd3 {[%clk 0:19:04]} Nd7 {[%clk 0:06:53]} 42. f5+
{[%clk 0:17:40]} Ke7 {[%clk 0:07:18]} 43. Be1 {[%clk 0:17:38]} c5
{[%clk 0:06:15]} 44. Rc1 {[%clk 0:14:51]} Kd6 {[%clk 0:06:15]} 45. bxc5+
{[%clk 0:15:12]} Nxc5+ {[%clk 0:06:06]} 46. Ke3 {[%clk 0:15:37]} Nd4
{[%clk 0:06:00]} 47. Bb4 {[%clk 0:15:44]} Ndb3 {[%clk 0:06:28]} 48. Rd1+
{[%clk 0:15:56]} Kc7 {[%clk 0:05:55]} 49. g4 {[%clk 0:16:06]} b6 {[%clk 0:04:51]}
50. axb6+ {[%clk 0:13:52]} Kxb6 {[%clk 0:05:20]} 51. g5 {[%clk 0:13:35]} hxg5
{[%clk 0:05:49]} 52. hxg5 {[%clk 0:13:59]} a5 {[%clk 0:06:01]} 53. Bc3
{[%clk 0:13:59]} Kc6 {[%clk 0:02:21]} 54. g6 {[%clk 0:13:12]} a4 {[%clk 0:02:33]}
55. Rd8 {[%clk 0:09:52]} a3 {[%clk 0:00:35]} 56. Ra8 {[%clk 0:09:14]} Kb5
{[%clk 0:00:45]} 57. Rxa3 {[%clk 0:09:36]} Kc4 {[%clk 0:01:09]} 58. Be1
{[%clk 0:07:26]} Nd4 {[%clk 0:01:21]} 59. Rc3+ {[%clk 0:07:23]} Kb5
{[%clk 0:01:44]} 60. Rc1 {[%clk 0:06:59]} 1-0

[Event "Chelyabinsk"]
[Site "?"]
[Date "2019.01.16"]
[Round "5.3"]
[White "Drygalov, Sergey"]
[Black "Korneev, Oleg"]
[Result "1/2-1/2"]
[BlackElo "2545"]
[WhiteElo "2442"]
[LiveChessVersion "1.4.8"]

1. d4 {[%clk 1:30:57]} d5 {[%clk 1:24:45]} 2. c4 {[%clk 1:31:20]} c6
{[%clk 1:25:13]} 3. Nf3 {[%clk 1:31:45]} Nf6 {[%clk 1:25:39]} 4. Nc3
{[%clk 1:32:12]} e6 {[%clk 1:25:17]} 5. Bg5 {[%clk 1:32:37]} Nbd7
{[%clk 1:25:34]} 6. e3 {[%clk 1:32:07]} Qa5 {[%clk 1:24:47]} 7. cxd5
{[%clk 1:29:41]} Nxd5 {[%clk 1:24:40]} 8. Qd2 {[%clk 1:29:42]} Bb4
{[%clk 1:24:53]} 9. Rc1 {[%clk 1:30:05]} b6 {[%clk 1:24:26]} 10. Bd3
{[%clk 1:25:37]} h6 {[%clk 1:16:39]} 11. Bh4 {[%clk 1:25:46]} Ba6
{[%clk 1:16:28]} 12. O-O {[%clk 1:25:06]} O-O {[%clk 1:11:26]} 13. Bxa6
{[%clk 1:22:38]} Qxa6 {[%clk 1:10:16]} 14. Qe2 {[%clk 1:22:56]} Qxe2
{[%clk 1:02:49]} 15. Nxe2 {[%clk 1:23:20]} Rfc8 {[%clk 1:03:14]} 16. Rc2
{[%clk 1:18:24]} Be7 {[%clk 1:00:33]} 1/2-1/2

[Event "Chelyabinsk"]
[Site "?"]
[Date "2019.01.16"]
[Round "5.6"]
[White "Frolov, Ivan"]
[Black "Tologontegin, Semetey"]
[Result "0-1"]
[BlackElo "2385"]
[WhiteElo "2210"]
[LiveChessVersion "1.4.8"]

1. e4 {[%clk 1:28:31]} e6 {[%clk 1:30:08]} 2. d4 {[%clk 1:26:19]} b6
{[%clk 1:30:30]} 3. Nf3 {[%clk 1:25:31]} Bb7 {[%clk 1:30:53]} 4. Bd3
{[%clk 1:25:41]} d6 {[%clk 1:31:16]} 5. c4 {[%clk 1:22:23]} Nd7 {[%clk 1:31:35]}
6. Nc3 {[%clk 1:22:46]} g6 {[%clk 1:31:56]} 7. Be3 {[%clk 1:22:07]} Bg7
{[%clk 1:32:17]} 8. Qd2 {[%clk 1:22:23]} h6 {[%clk 1:32:39]} 9. d5
{[%clk 1:20:33]} e5 {[%clk 1:32:43]} 10. h3 {[%clk 1:19:43]} Ne7 {[%clk 1:30:18]}
11. g4 {[%clk 1:10:36]} a5 {[%clk 1:30:39]} 12. b3 {[%clk 1:07:25]} Nc5
{[%clk 1:30:22]} 13. Bc2 {[%clk 1:01:55]} Bc8 {[%clk 1:30:07]} 14. Rg1
{[%clk 0:54:29]} Bd7 {[%clk 1:29:13]} 15. O-O-O {[%clk 0:42:54]} Qb8
{[%clk 1:18:16]} 16. Ne1 {[%clk 0:40:42]} g5 {[%clk 1:14:58]} 17. h4
{[%clk 0:25:18]} gxh4 {[%clk 1:15:18]} 18. f4 {[%clk 0:25:45]} exf4
{[%clk 1:15:34]} 19. Bd4 {[%clk 0:24:08]} Be5 {[%clk 1:12:40]} 20. Nf3
{[%clk 0:24:31]} Ng6 {[%clk 1:11:15]} 21. Qf2 {[%clk 0:21:36]} Qd8
{[%clk 1:09:21]} 22. Nxe5 {[%clk 0:21:53]} Nxe5 {[%clk 0:56:19]} 23. Qxf4
{[%clk 0:22:17]} Qg5 {[%clk 0:56:43]} 24. Qd2 {[%clk 0:17:52]} Rg8
{[%clk 0:50:49]} 25. Rdf1 {[%clk 0:13:09]} Qxd2+ {[%clk 0:45:25]} 26. Kxd2
{[%clk 0:13:28]} Rxg4 {[%clk 0:45:43]} 27. Bd1 {[%clk 0:11:03]} Rxg1
{[%clk 0:44:22]} 28. Rxg1 {[%clk 0:11:29]} Ke7 {[%clk 0:44:17]} 29. Bh5
{[%clk 0:06:05]} h3 {[%clk 0:40:58]} 30. Bxe5 {[%clk 0:04:33]} dxe5
{[%clk 0:41:22]} 31. Ke3 {[%clk 0:04:57]} Rf8 {[%clk 0:39:47]} 32. Rg7
{[%clk 0:01:46]} h2 {[%clk 0:33:14]} 33. Bf3 {[%clk 0:02:11]} h5 {[%clk 0:33:31]}
34. Ne2 {[%clk 0:01:22]} Bg4 {[%clk 0:33:36]} 35. Ng3 {[%clk 0:00:55]} Kf6
{[%clk 0:33:44]} 36. Rh7 {[%clk 0:00:32]} Kg6 {[%clk 0:33:54]} 37. Rxh5
{[%clk 0:00:32]} Bxh5 {[%clk 0:34:18]} 38. Bxh5+ {[%clk 0:00:56]} Kg5
{[%clk 0:34:15]} 39. Bf3 {[%clk 0:01:18]} Rh8 {[%clk 0:34:26]} 40. Bg2
{[%clk 0:01:01]} Rh4 {[%clk 0:32:58]} 41. Nh1 {[%clk 0:00:50]} Rg4
{[%clk 0:32:49]} 0-1

[Event "Chelyabinsk"]
[Site "?"]
[Date "2019.01.16"]
[Round "5.7"]
[White "Remizov, Yaroslav"]
[Black "Radzhabov, Rodion"]
[Result "1-0"]
[BlackElo "2329"]
[WhiteElo "2357"]
[LiveChessVersion "1.4.8"]

1. e4 {[%clk 1:30:59]} c5 {[%clk 1:30:42]} 2. Nf3 {[%clk 1:31:26]} e6
{[%clk 1:31:02]} 3. d4 {[%clk 1:31:53]} cxd4 {[%clk 1:31:25]} 4. Nxd4
{[%clk 1:32:22]} a6 {[%clk 1:31:43]} 5. Nc3 {[%clk 1:32:48]} Qc7 {[%clk 1:32:05]}
6. Be3 {[%clk 1:33:08]} Nf6 {[%clk 1:24:14]} 7. Qd3 {[%clk 1:14:04]} Nc6
{[%clk 1:19:51]} 8. f4 {[%clk 1:01:21]} Ng4 {[%clk 1:11:12]} 9. Nxc6
{[%clk 1:01:13]} Nxe3 {[%clk 1:06:35]} 10. Qxe3 {[%clk 0:59:15]} bxc6
{[%clk 1:06:00]} 11. e5 {[%clk 0:55:15]} Rb8 {[%clk 1:00:11]} 12. O-O-O
{[%clk 0:48:07]} Qa5 {[%clk 0:52:30]} 13. Bc4 {[%clk 0:46:59]} Qb4
{[%clk 0:34:41]} 14. Bb3 {[%clk 0:46:45]} c5 {[%clk 0:21:31]} 15. a3
{[%clk 0:31:49]} Qb7 {[%clk 0:19:45]} 16. Qe2 {[%clk 0:26:41]} Be7
{[%clk 0:18:13]} 17. Rhf1 {[%clk 0:20:34]} Qc7 {[%clk 0:13:09]} 18. f5
{[%clk 0:16:49]} Bb7 {[%clk 0:10:35]} 19. Ba4 {[%clk 0:04:07]} Bc6
{[%clk 0:10:46]} 20. Qxa6 {[%clk 0:04:28]} Bg5+ {[%clk 0:04:43]} 21. Kb1
{[%clk 0:04:54]} Bxa4 {[%clk 0:04:41]} 22. Nxa4 {[%clk 0:02:49]} O-O
{[%clk 0:02:15]} 23. Qd6 {[%clk 0:03:02]} Qa7 {[%clk 0:01:42]} 24. Nxc5
{[%clk 0:03:25]} Rb6 {[%clk 0:00:42]} 25. Qd3 {[%clk 0:01:24]} Rxb2+
{[%clk 0:00:56]} 26. Kxb2 {[%clk 0:01:45]} Qxc5 {[%clk 0:01:24]} 27. Ka2
{[%clk 0:00:48]} Qxe5 {[%clk 0:01:30]} 28. Qxd7 {[%clk 0:00:41]} Bf6
{[%clk 0:01:06]} 29. Rb1 {[%clk 0:01:07]} Qe2 {[%clk 0:00:42]} 30. Qc6
{[%clk 0:00:42]} e5 {[%clk 0:00:50]} 31. Rfe1 {[%clk 0:00:45]} Qf2
{[%clk 0:00:40]} 32. Qe4 {[%clk 0:00:54]} h6 {[%clk 0:00:51]} 33. Re3
{[%clk 0:00:40]} Rc8 {[%clk 0:01:01]} 34. Reb3 {[%clk 0:01:03]} Kh7
{[%clk 0:00:38]} 35. R1b2 {[%clk 0:01:29]} Rd8 {[%clk 0:00:34]} 36. c4
{[%clk 0:01:35]} Qg1 {[%clk 0:00:51]} 37. Rd3 {[%clk 0:01:15]} Rxd3
{[%clk 0:00:38]} 38. Qxd3 {[%clk 0:01:42]} e4 {[%clk 0:00:34]} 39. Qb1
{[%clk 0:01:07]} Qd4 {[%clk 0:00:51]} 40. Rc2 {[%clk 0:01:34]} e3
{[%clk 0:01:11]} 41. Qf1 {[%clk 0:01:45]} Qe4 {[%clk 0:00:54]} 42. Qe2
{[%clk 0:01:52]} Qd4 {[%clk 0:01:12]} 43. c5 {[%clk 0:01:56]} Qa1+
{[%clk 0:00:42]} 44. Kb3 {[%clk 0:02:25]} Qb1+ {[%clk 0:00:40]} 45. Ka4
{[%clk 0:02:51]} Qb7 {[%clk 0:00:33]} 46. Qxe3 {[%clk 0:01:34]} Qc6+
{[%clk 0:00:54]} 47. Kb3 {[%clk 0:01:53]} Qd5+ {[%clk 0:01:19]} 48. Rc4
{[%clk 0:02:14]} Qb7+ {[%clk 0:01:17]} 49. Rb4 {[%clk 0:01:17]} Qd5+
{[%clk 0:01:43]} 50. Ka4 {[%clk 0:01:25]} Qc6+ {[%clk 0:00:40]} 51. Rb5
{[%clk 0:01:35]} Qa8+ {[%clk 0:00:53]} 52. Kb4 {[%clk 0:01:34]} Qxg2
{[%clk 0:01:19]} 53. Qd3 {[%clk 0:00:57]} Qxh2 {[%clk 0:00:59]} 54. c6
{[%clk 0:00:47]} Qf4+ {[%clk 0:01:02]} 55. Qc4 {[%clk 0:00:41]} Be7+
{[%clk 0:01:14]} 56. Kb3 {[%clk 0:00:53]} Qf3+ {[%clk 0:01:06]} 57. Qc3
{[%clk 0:01:01]} Qd1+ {[%clk 0:00:38]} 58. Qc2 {[%clk 0:00:56]} Qf3+
{[%clk 0:01:07]} 59. Qc3 {[%clk 0:01:25]} Qd1+ {[%clk 0:01:29]} 60. Ka2
{[%clk 0:00:44]} Bf6 {[%clk 0:01:46]} 61. Qc4 {[%clk 0:01:05]} Qd2+
{[%clk 0:00:46]} 62. Kb3 {[%clk 0:00:58]} Qe3+ {[%clk 0:00:49]} 63. Ka4
{[%clk 0:00:57]} Be7 {[%clk 0:01:18]} 64. Ra5 {[%clk 0:00:39]} Bd6
{[%clk 0:00:44]} 65. Kb5 {[%clk 0:00:37]} Qe8 {[%clk 0:00:53]} 66. Ra7
{[%clk 0:00:41]} Qe5+ {[%clk 0:00:57]} 67. Ka6 {[%clk 0:00:46]} Bc7
{[%clk 0:01:04]} 68. Qb5 {[%clk 0:00:50]} Qd6 {[%clk 0:01:02]} 69. a4
{[%clk 0:00:59]} h5 {[%clk 0:01:27]} 70. f6 {[%clk 0:00:58]} g5 {[%clk 0:01:32]}
71. Rxc7 {[%clk 0:01:05]} Qxc7 {[%clk 0:01:57]} 72. Qb7 {[%clk 0:01:33]} 1-0

[Event "Chelyabinsk"]
[Site "?"]
[Date "2019.01.16"]
[Round "5.8"]
[White "Nugumanov, Bakhtiyar"]
[Black "Dauletova, Gulmira"]
[Result "0-1"]
[BlackElo "2240"]
[WhiteElo "2391"]
[LiveChessVersion "1.4.8"]

1. e4 {[%clk 1:30:32]} c5 {[%clk 1:21:28]} 2. Nf3 {[%clk 1:30:49]} e6
{[%clk 1:21:51]} 3. d4 {[%clk 1:31:06]} cxd4 {[%clk 1:22:14]} 4. Nxd4
{[%clk 1:31:27]} Nc6 {[%clk 1:20:43]} 5. Nb5 {[%clk 1:31:33]} d6 {[%clk 1:20:10]}
6. Bf4 {[%clk 1:30:23]} e5 {[%clk 1:20:22]} 7. Be3 {[%clk 1:30:36]} h6
{[%clk 1:18:24]} 8. N1c3 {[%clk 1:26:10]} a6 {[%clk 1:18:23]} 9. Na3
{[%clk 1:26:32]} b5 {[%clk 1:13:36]} 10. Nd5 {[%clk 1:26:30]} Rb8
{[%clk 1:13:45]} 11. c4 {[%clk 1:22:39]} b4 {[%clk 1:12:09]} 12. Nc2
{[%clk 1:22:16]} Nf6 {[%clk 1:11:29]} 13. Qd3 {[%clk 1:19:06]} Be6
{[%clk 0:50:31]} 14. Be2 {[%clk 1:14:23]} Nd7 {[%clk 0:50:32]} 15. O-O
{[%clk 1:10:08]} Nc5 {[%clk 0:38:31]} 16. Bxc5 {[%clk 1:07:46]} dxc5
{[%clk 0:39:00]} 17. Qg3 {[%clk 1:07:13]} Qg5 {[%clk 0:28:48]} 18. Nc7+
{[%clk 1:05:04]} Kd7 {[%clk 0:29:17]} 19. Nxe6 {[%clk 1:04:08]} fxe6
{[%clk 0:29:45]} 20. Qb3 {[%clk 1:01:50]} Bd6 {[%clk 0:29:41]} 21. Qa4
{[%clk 1:00:54]} Rb6 {[%clk 0:29:59]} 22. Ne3 {[%clk 0:56:46]} Ke7
{[%clk 0:29:02]} 23. Bg4 {[%clk 0:55:13]} Rhb8 {[%clk 0:13:16]} 24. Rad1
{[%clk 0:53:19]} Nd4 {[%clk 0:11:54]} 25. Rd3 {[%clk 0:52:29]} h5
{[%clk 0:10:48]} 26. Bd1 {[%clk 0:42:05]} Qf4 {[%clk 0:09:33]} 27. Re1
{[%clk 0:40:12]} Rf8 {[%clk 0:08:26]} 28. Rd2 {[%clk 0:39:40]} g6
{[%clk 0:08:06]} 29. Nf1 {[%clk 0:35:47]} Rd8 {[%clk 0:07:37]} 30. Qa5
{[%clk 0:33:25]} Rc6 {[%clk 0:07:51]} 31. Qa4 {[%clk 0:32:30]} Rb6
{[%clk 0:08:19]} 32. a3 {[%clk 0:28:31]} bxa3 {[%clk 0:06:34]} 33. Qxa3
{[%clk 0:28:40]} Rdb8 {[%clk 0:06:26]} 34. Re3 {[%clk 0:26:42]} R8b7
{[%clk 0:05:24]} 35. Qa1 {[%clk 0:21:25]} Rb8 {[%clk 0:05:41]} 36. Qc1
{[%clk 0:19:04]} Rb4 {[%clk 0:05:50]} 37. Qc3 {[%clk 0:16:09]} R8b6
{[%clk 0:04:42]} 38. Qc1 {[%clk 0:11:38]} Kd8 {[%clk 0:04:17]} 39. Ng3
{[%clk 0:11:25]} Qh6 {[%clk 0:02:45]} 40. Ne2 {[%clk 0:10:39]} Kc7
{[%clk 0:02:23]} 41. Qc3 {[%clk 0:07:17]} Be7 {[%clk 0:01:56]} 42. Nc1
{[%clk 0:03:52]} Bg5 {[%clk 0:02:12]} 43. b3 {[%clk 0:03:29]} Rd6
{[%clk 0:01:43]} 44. h4 {[%clk 0:02:31]} Bxe3 {[%clk 0:01:57]} 45. fxe3
{[%clk 0:02:55]} Nc6 {[%clk 0:02:21]} 46. Rxd6 {[%clk 0:02:48]} Kxd6
{[%clk 0:02:49]} 47. Qd2+ {[%clk 0:03:00]} Kc7 {[%clk 0:03:08]} 48. Nd3
{[%clk 0:03:16]} Qf8 {[%clk 0:03:11]} 49. Nxb4 {[%clk 0:03:21]} Nxb4
{[%clk 0:03:40]} 50. Be2 {[%clk 0:03:25]} Qd8 {[%clk 0:02:54]} 51. Qe1
{[%clk 0:03:45]} Kb6 {[%clk 0:02:59]} 52. Qg3 {[%clk 0:03:16]} Qf6
{[%clk 0:03:22]} 53. Qe1 {[%clk 0:03:17]} Nc6 {[%clk 0:03:09]} 54. Bf3
{[%clk 0:03:13]} Qf8 {[%clk 0:02:21]} 55. Qg3 {[%clk 0:03:31]} Qf6
{[%clk 0:02:25]} 56. Qe1 {[%clk 0:03:35]} Nb4 {[%clk 0:02:39]} 57. Qf2
{[%clk 0:02:27]} Nc6 {[%clk 0:01:41]} 58. Qe1 {[%clk 0:02:46]} Ka7
{[%clk 0:01:43]} 59. Kf1 {[%clk 0:02:28]} Qd8 {[%clk 0:02:09]} 60. Ke2
{[%clk 0:02:05]} Qb6 {[%clk 0:01:11]} 61. Qc3 {[%clk 0:01:54]} Qd8
{[%clk 0:01:10]} 62. Qe1 {[%clk 0:02:19]} Qb6 {[%clk 0:01:37]} 63. Qc3
{[%clk 0:02:29]} Qd8 {[%clk 0:02:05]} 64. Qe1 {[%clk 0:02:45]} Kb6
{[%clk 0:01:34]} 65. g4 {[%clk 0:02:45]} hxg4 {[%clk 0:01:29]} 66. Bxg4
{[%clk 0:03:14]} Qe7 {[%clk 0:01:58]} 67. Kd1 {[%clk 0:01:53]} Nb4
{[%clk 0:02:14]} 68. Ke2 {[%clk 0:02:05]} Qd8 {[%clk 0:02:18]} 69. Kf3
{[%clk 0:01:09]} Qd3 {[%clk 0:01:34]} 70. Bxe6 {[%clk 0:01:29]} Nc2
{[%clk 0:01:49]} 71. Qg1 {[%clk 0:01:07]} Nd4+ {[%clk 0:02:15]} 72. Kg3
{[%clk 0:00:46]} Ne2+ {[%clk 0:02:43]} 0-1

[Event "Chelyabinsk"]
[Site "?"]
[Date "2019.01.16"]
[Round "5.9"]
[White "Mischuk, Dmitry"]
[Black "Kholopov, Alexander A."]
[Result "1/2-1/2"]
[BlackElo "2211"]
[WhiteElo "2357"]
[LiveChessVersion "1.4.8"]

1. e4 {[%clk 1:30:58]} c5 {[%clk 1:19:10]} 2. Nf3 {[%clk 1:30:54]} Nc6
{[%clk 1:19:37]} 3. Bb5 {[%clk 1:29:21]} Qb6 {[%clk 1:19:20]} 4. Nc3
{[%clk 1:27:51]} e6 {[%clk 1:19:45]} 5. Bxc6 {[%clk 1:27:15]} Qxc6
{[%clk 1:18:16]} 6. d4 {[%clk 1:27:34]} b5 {[%clk 1:18:42]} 7. d5
{[%clk 1:27:25]} Qb7 {[%clk 1:19:09]} 8. Bg5 {[%clk 1:24:14]} b4 {[%clk 1:06:34]}
9. Ne2 {[%clk 1:24:09]} d6 {[%clk 1:06:48]} 10. O-O {[%clk 1:24:00]} h6
{[%clk 1:03:32]} 11. Bh4 {[%clk 1:18:28]} exd5 12. exd5 {[%clk 1:17:51]} Be7
{[%clk 0:55:36]} 13. Bxe7 {[%clk 1:14:02]} Nxe7 {[%clk 0:55:59]} 14. c4
{[%clk 1:13:30]} bxc3 {[%clk 0:52:06]} 15. Nxc3 {[%clk 1:12:20]} O-O
{[%clk 0:52:30]} 16. b3 {[%clk 1:11:33]} Qb4 {[%clk 0:44:48]} 17. Rc1
{[%clk 1:09:58]} Bf5 {[%clk 0:39:15]} 18. Nd2 {[%clk 1:08:42]} Qd4
{[%clk 0:24:29]} 19. Nc4 {[%clk 1:07:15]} Rfd8 {[%clk 0:12:35]} 20. Re1
{[%clk 1:05:25]} Qxd1 {[%clk 0:12:20]} 21. Rcxd1 {[%clk 1:05:47]} Kf8
{[%clk 0:12:45]} 22. f3 {[%clk 1:03:45]} Rab8 {[%clk 0:10:16]} 23. Kf2
{[%clk 1:03:17]} h5 {[%clk 0:10:35]} 24. Rd2 {[%clk 1:01:54]} Nc8
{[%clk 0:10:48]} 25. g3 {[%clk 1:01:45]} Re8 {[%clk 0:10:54]} 26. Rxe8+
{[%clk 1:01:32]} Kxe8 {[%clk 0:11:20]} 27. Ke3 {[%clk 1:01:47]} Kd7
{[%clk 0:11:31]} 28. Kf4 {[%clk 1:02:03]} Bg6 {[%clk 0:11:45]} 29. g4
{[%clk 1:00:08]} Rb4 {[%clk 0:09:57]} 30. gxh5 {[%clk 0:53:43]} Bxh5
{[%clk 0:10:22]} 31. Kg5 {[%clk 0:53:59]} Bg6 {[%clk 0:10:42]} 32. f4
{[%clk 0:49:48]} Nb6 {[%clk 0:10:43]} 33. Nxb6+ {[%clk 0:43:24]} axb6
{[%clk 0:10:40]} 34. Rf2 {[%clk 0:38:22]} Bd3 {[%clk 0:09:51]} 35. f5
{[%clk 0:38:03]} Rd4 {[%clk 0:04:52]} 36. f6 {[%clk 0:36:43]} gxf6+
{[%clk 0:05:08]} 37. Kxf6 {[%clk 0:35:49]} b5 {[%clk 0:04:52]} 38. a3
{[%clk 0:35:23]} b4 {[%clk 0:04:39]} 39. axb4 {[%clk 0:35:46]} cxb4
{[%clk 0:02:48]} 40. Na4 {[%clk 0:33:08]} Bg6 {[%clk 0:03:12]} 41. Rf1
{[%clk 0:30:47]} Kd8 {[%clk 0:02:46]} 42. Rc1 {[%clk 0:30:38]} Rxd5
{[%clk 0:02:42]} 43. Rc8+ {[%clk 0:30:39]} Kxc8 44. Nb6+ {[%clk 0:31:08]} Kd8
{[%clk 0:02:59]} 45. Nxd5 {[%clk 0:31:36]} Bc2 {[%clk 0:03:18]} 46. Nxb4
{[%clk 0:31:57]} Bxb3 {[%clk 0:03:44]} 1/2-1/2

[Event "Chelyabinsk"]
[Site "?"]
[Date "2019.01.16"]
[Round "5.10"]
[White "Ponomariov, Valeriy"]
[Black "Sitnikov, Anton"]
[Result "1-0"]
[BlackElo "2410"]
[WhiteElo "2378"]
[LiveChessVersion "1.4.8"]

1. d4 {[%clk 1:30:57]} d6 {[%clk 1:29:30]} 2. c4 {[%clk 1:28:00]} Nd7
{[%clk 1:29:52]} 3. Nc3 {[%clk 1:27:58]} e5 {[%clk 1:30:16]} 4. Nf3
{[%clk 1:25:43]} g6 {[%clk 1:30:33]} 5. e4 {[%clk 1:25:31]} Bg7 {[%clk 1:30:58]}
6. Be2 {[%clk 1:25:38]} c6 {[%clk 1:30:22]} 7. O-O {[%clk 1:25:39]} Nh6
{[%clk 1:30:11]} 8. dxe5 {[%clk 1:20:05]} dxe5 {[%clk 1:30:36]} 9. Be3
{[%clk 1:12:31]} O-O {[%clk 1:29:08]} 10. Qd6 {[%clk 1:09:16]} f6
{[%clk 1:17:10]} 11. c5 {[%clk 1:06:51]} Kh8 {[%clk 1:00:30]} 12. Rad1
{[%clk 1:02:17]} Re8 {[%clk 0:46:27]} 13. b4 {[%clk 0:54:17]} Nf7
{[%clk 0:46:08]} 14. Qd2 {[%clk 0:52:12]} Qe7 {[%clk 0:46:14]} 15. Bc4
{[%clk 0:50:57]} Nf8 {[%clk 0:46:18]} 16. h3 {[%clk 0:39:42]} Ne6
{[%clk 0:32:16]} 17. Qc2 {[%clk 0:37:37]} Nf4 {[%clk 0:14:28]} 18. Kh2
{[%clk 0:34:04]} Ng5 {[%clk 0:08:08]} 19. Ng1 {[%clk 0:32:32]} f5
{[%clk 0:04:56]} 20. f3 {[%clk 0:27:30]} Nh5 {[%clk 0:01:22]} 21. b5
{[%clk 0:19:19]} f4 {[%clk 0:01:46]} 22. Bf2 {[%clk 0:19:45]} Ne6
{[%clk 0:01:22]} 23. Rd6 {[%clk 0:17:59]} Nd4 {[%clk 0:01:37]} 24. Qd3
{[%clk 0:17:42]} Bd7 {[%clk 0:00:34]} 25. Nge2 {[%clk 0:16:56]} Ng3
{[%clk 0:00:48]} 26. Nxg3 {[%clk 0:14:15]} fxg3+ {[%clk 0:01:15]} 27. Bxg3
{[%clk 0:14:40]} b6 {[%clk 0:01:35]} 28. bxc6 {[%clk 0:13:10]} Bxc6
{[%clk 0:02:02]} 29. Bd5 {[%clk 0:13:34]} Rad8 {[%clk 0:00:43]} 30. Rxd8 Rxd8 31.
cxb6 {[%clk 0:12:41]} axb6 {[%clk 0:01:42]} 32. Bxc6 {[%clk 0:11:02]} Nxc6
{[%clk 0:02:11]} 33. Qb5 {[%clk 0:11:21]} Nd4 {[%clk 0:01:32]} 34. Qxb6
{[%clk 0:11:10]} Rc8 {[%clk 0:01:43]} 35. Nd5 {[%clk 0:10:10]} Qa3
{[%clk 0:00:37]} 36. Rf2 {[%clk 0:08:14]} Qc1 {[%clk 0:01:03]} 37. Qd6
{[%clk 0:06:02]} Qa1 {[%clk 0:00:48]} 38. Qa6 {[%clk 0:04:16]} Rf8
{[%clk 0:00:51]} 39. Qf1 {[%clk 0:04:23]} Qxf1 {[%clk 0:01:03]} 40. Rxf1
{[%clk 0:04:50]} Ra8 {[%clk 0:01:32]} 41. Rf2 {[%clk 0:05:04]} Kg8
{[%clk 0:01:57]} 42. Rb2 {[%clk 0:05:14]} Ra7 {[%clk 0:02:26]} 43. Ne3
{[%clk 0:03:53]} Kf7 {[%clk 0:02:17]} 44. Nc4 {[%clk 0:03:14]} Ke6
{[%clk 0:01:16]} 45. Rb6+ {[%clk 0:03:29]} Ke7 {[%clk 0:01:40]} 46. Nxe5
{[%clk 0:03:07]} Rxa2 {[%clk 0:02:04]} 47. Nc6+ {[%clk 0:02:34]} Nxc6
{[%clk 0:02:30]} 48. Rxc6 {[%clk 0:03:02]} g5 {[%clk 0:02:22]} 49. Rc7+
{[%clk 0:02:47]} Kf6 {[%clk 0:02:52]} 50. h4 {[%clk 0:02:13]} gxh4
{[%clk 0:03:06]} 51. Be5+ {[%clk 0:01:39]} Kxe5 {[%clk 0:03:31]} 52. Rxg7
{[%clk 0:02:04]} h3 {[%clk 0:03:24]} 53. Kxh3 {[%clk 0:02:24]} Ra1
{[%clk 0:03:52]} 54. Kh2 {[%clk 0:02:28]} Kd5 1-0